| 000 | 00600nam a2200193Ia 4500 | ||
|---|---|---|---|
| 003 | GCL | ||
| 008 | 140319s9999 xx 000 0 ara d | ||
| 040 |
_aGCL / _cGCL |
||
| 082 | 0 | 4 |
_aد _b050 _bه م |
| 100 | 1 | _aهيئة الاذاعة البريطانية | |
| 245 | 1 | 0 |
_aالمشاهد / _cهيئة الاذاعة البريطانية |
| 260 |
_a[S.N] : _bهيئة الاذاعة البريطانية ، _c1994 |
||
| 300 | _a82 | ||
| 490 |
_aالجغرافيا الاسلامية _v0 |
||
| 650 | 0 | 4 | _aالاقتصاد |
| 650 | 0 | 4 | _aالسياسة |
| 650 | 0 | 4 | _aالرياضة |
| 942 |
_2ddc _cCF |
||
| 999 |
_c27441 _d27441 |
||